000 01941nam0a2200349 4500
001 RU\NLR\bibl\911540
005 20250614183452.0
010 _a5-696-03182-X
_9100
021 _aRU
_b2006-1230
_952
035 _a(NLR Aleph) 000899880
090 _a1769550
_c1769550
100 _a20060301d2004 |||y0rusy50 ca
101 0 _arus
102 _aRU
105 _aa |||||||||
200 1 _aИсследование устройств обработки аналоговых сигналов
_eучебное пособие
_e[для студентов, изучающих курс "Аналоговые устройства"]
_fВ.Н. Багаев
_gМ-во образования и науки Рос. Федерации, Федер. агентство по образованию, Юж.-Уральский гос. ун-т, Каф. радиотехн. систем
210 _aЧелябинск
_cИзд-во ЮУрГУ
_d2004
215 _a47, [1] c.
_cил.
_d20
313 _aусилители радиоэлектроных устройств
320 _aБиблиогр. в конце кн. (14 назв.)
606 1 _aУсилители
_jУчебные издания для высших учебных заведений
_91386913
_3RU\NLR\auth\66269197
606 1 _aЭлектрические сигналы
_jУчебные издания для высших учебных заведений
_xОбработка
_92071026
_3RU\NLR\auth\661245770
606 1 _aАналоговые электронные приборы
_jУчебные издания для высших учебных заведений
_92205212
_3RU\NLR\auth\661324937
686 _aЗ846-01я73-1
700 1 _aБагаев
_bВ. Н.
_4070
801 0 _aRU
_bNLR
_c20060301
_grcr
801 1 _aRU
_bNLR
_c20060301
830 _aавт. не раскр.- в ГАК РНБ нет
942 _cBOOK
980 _aNB
980 _aNBR